| 000 | 00377 a2200133 4500 | ||
|---|---|---|---|
| 005 | 20260105112746.0 | ||
| 020 | _a9781803286990 | ||
| 084 |
_2CC _aL:(M3)v |
||
| 100 |
_aGEVIRTZ (Karen Bloom) _97333 |
||
| 245 | _aApothecary's wife: The hidden history of Medicine and how it became a commodity. | ||
| 260 |
_bHead of Zeus Ltd. _c2024, _aUK |
||
| 300 | _a328p. | ||
| 942 |
_cBK _2CC |
||
| 999 |
_c750558 _d750558 |
||